000 00782cam a2200205 4500
001 ##L130222
008 050704n2004 000 0 eng u
035 _a(Sirsi) u130222
041 0 _aeng
100 1 _aMaxted, Bill
245 0 4 _aThe UK commercial property lending market
_bresearch findings 2004-mid year
250 _a4th mid year report
260 _aLeicester
_bDe Montfort University
_c2004
300 _aviii, 57p.
_c30cm.
520 _aThis mid-year report analyses the lending activity of the major commercial property lenders operating within the UK during the first two quarters of 2004.
690 _aPROPERTY-COMMERCIAL PROPERTY-COMMERCIAL PROPERTY FINANCE AND INVESTMENT
700 1 _aPorter, Trudi
710 2 _aDe Montfort University
_92410
942 _n0
999 _c104401
_d104401